| 000 | 00526nam a22001817a 4500 | ||
|---|---|---|---|
| 005 | 20251108174820.0 | ||
| 008 | 250721s2007 xx 000 0 ara d | ||
| 082 | 1 | 4 | _a811.9565/محا |
| 100 | 1 |
_aمحادين، خالد _eجامع |
|
| 245 | 1 | 0 | _aوطن واحد ونساء كثيرات / |
| 264 | 1 |
_aعمان : _bالمكتبة الوطنية، _c2007. |
|
| 300 | _a432ص. | ||
| 650 | 1 | 7 | _aالشعر العربي |
| 650 | 1 | 7 | _aالعصر الحديث |
| 650 | 1 | 7 | _aالاردن |
| 942 |
_2ddc _cBK |
||
| 999 |
_c118790 _d118790 |
||